| 000 | 01307nam a2200349 i 4500 | ||
|---|---|---|---|
| 003 | CO-BoRNBP | ||
| 005 | 20230508162129.0 | ||
| 007 | ta | ||
| 008 | 211028s2021 ck a ||er6||| 00| 1dspa d | ||
| 020 | _a9789585330986 | ||
| 040 |
_aCO-BoRNBP _bspa _erda _cCO-BoRNBP |
||
| 041 | 0 | _aspa | |
| 043 | _as-ag--- | ||
| 084 | _aH TUT1 | ||
| 100 | 1 |
_aTute _d1974- _eautor _91842 |
|
| 245 | 1 | 0 |
_aTodo es político! _cTute |
| 250 | _aEdición especial | ||
| 264 | 1 |
_aBogotá, Colombia _bFundación Teatro Musical Latinoamericano _bFundación Mulato _bHotel de las ideas _c2021 |
|
| 300 |
_a215 páginas _bilustraciones a color _c16 cm |
||
| 336 |
_atexto _btxt _2rdacontent |
||
| 337 |
_asin mediación _bn _2rdamedia |
||
| 338 |
_avolumen _bnc _2rdacarrier |
||
| 490 | 0 | _aPlan Nacional de Lectura y Escritura Leer es mi Cuento / Ministerio de Cultura | |
| 521 | _aRecomendado para un público adulto | ||
| 545 | _aIncluye datos biográficos del autor | ||
| 650 | 1 | 7 |
_aTiras cómicas, historietas, etc. argentinas _ySiglo XX _2LEMB _91843 |
| 650 | 1 | 7 |
_aLiteratura argentina _ySiglo XX _2LEMB _91844 |
| 650 | 1 | 7 |
_aAutores argentinos _ySiglo XX _2LEMB _9784 |
| 650 | 1 | 7 |
_aPolítica _vTiras cómicas, historietas, etc. _2LEMB _91845 |
| 650 | 1 | 7 |
_aVida cotidiana _vTiras cómicas, historietas, etc. _2LEMB _91846 |
| 942 | _cBKLIT | ||
| 999 |
_c9496 _d9496 |
||